Annual editions : (Record no. 2487)

MARC details
000 -LEADER
fixed length control field 00566nam a2200205 4500
001 - CONTROL NUMBER
control field 3087
005 - DATE AND TIME OF LATEST TRANSACTION
control field 20181127170444.0
010 00 - LIBRARY OF CONGRESS CONTROL NUMBER
LC control number
020 00 - INTERNATIONAL STANDARD BOOK NUMBER
International Standard Book Number 0072364149
090 00 - LOCALLY ASSIGNED LC-TYPE CALL NUMBER (OCLC); LOCAL CALL NUMBER (RLIN)
Classification number (OCLC) (R) ; Classification number, CALL (RLIN) (NR) 658.3 M2174n 2000
100 00 - MAIN ENTRY--PERSONAL NAME
Personal name Maidment, Fred H.
245 00 - TITLE STATEMENT
Title Annual editions :
Remainder of title Human resources 00/01 /
Statement of responsibility, etc. Fred H. Maidment, editor.
Medium
246 ## - VARYING FORM OF TITLE
Title proper/short title Human resources.
Remainder of title
Date or sequential designation
Medium
Display text
Number of part/section of a work
Name of part/section of a work
250 00 - EDITION STATEMENT
Edition statement 10th ed.
260 00 - PUBLICATION, DISTRIBUTION, ETC.
Place of publication, distribution, etc. Guilford, CT:
Name of publisher, distributor, etc. McGraw-Hill,
Date of publication, distribution, etc. 2000.
300 00 - PHYSICAL DESCRIPTION
Extent x, 229 p.
650 ## - SUBJECT ADDED ENTRY--TOPICAL TERM
Topical term or geographic name entry element Personnel management.
Form subdivision
General subdivision
Chronological subdivision
Geographic subdivision
Source of heading or term
Topical term or geographic name entry element Human capital.
General subdivision
Topical term or geographic name entry element Manpower policy.
General subdivision
Holdings
Withdrawn status Lost status Source of classification or shelving scheme Damaged status Not for loan Collection code Home library Current library Shelving location Serial Enumeration / chronology Inventory number Total Checkouts Full call number Barcode Date last seen Price effective from Koha item type
    Dewey Decimal Classification     Main TEST RTC Library RTC Library Main opac 2176   658.3 MAI 30002814 27/11/2018 27/11/2018 Main
Royal Thimphu College || All Right Reserved